|
|
|
|
| LEADER |
00000nam a22000007a 4500 |
| 005 |
20120611152258.0 |
| 007 |
cr|||| |||| |
| 008 |
120611s2011 co |||||s|||| 00||0 spa d |
| 020 |
|
|
|a 978-958-648-729-0
|
| 035 |
|
|
|a 6212
|
| 040 |
|
|
|a vLex
|
| 090 |
|
|
|c 3162
|d 3162
|
| 100 |
1 |
|
|a Vargas, Martha Elena
|
| 245 |
1 |
0 |
|a Calidad y servicios
|h [Recurso electrn̤ico] :
|b Conceptos y herramientas /
|c Martha Elena Vargas, Luzǹgela Aldana
|
| 256 |
|
|
|a Servicio en ln̕ea
|
| 260 |
|
|
|a Bogot:̀
|b Ecoe ediciones,
|c 2011
|
| 300 |
|
|
|a 1 recurso electrn̤ico
|
| 500 |
|
|
|a El servicio y la calidad son hoy factores diferenciadores de organizaciones que asumen su x̌ito desde la perspectiva de los clientes y referentes para elevar sus niveles de competitividad. El libro ofrece al lector una orientacin̤ ter̤ica y prc̀tica, a partir de conceptos y herramientas, que ayudarǹ a las organizaciones, instituciones y empresas a diseąr, implementar y evaluar los procesos de calidad y servicio.
|
| 506 |
1 |
|
|a Contenido solo disponible en los productos indicados
|d vLex Global
|d vLex Global (Academic Edition, excluding Law Schools)
|d vLex Global (U.S. Academic Edition, Law Schools)
|d vLex Global (U.S. Academic Edition, excluding Law Schools)
|d vLex Global (Academic Edition, Law Schools)
|
| 650 |
0 |
4 |
|a Calidad de los productos
|z Colombia
|
| 740 |
0 |
|
|a vLex Libros (Servicio en ln̕ea)
|
| 856 |
4 |
0 |
|u http://vlex.com/source/calidad-servicios-conceptos-herramientas-6212
|z Acceso restringido
|
| 942 |
|
|
|c BOOK
|
| 999 |
0 |
|
|a Quality of products
|